Ville brésilienne... ou Footballeur brésilien ? - Statistiques

Statistiques générales
  • Ce quiz a été pris 27 721 fois
  • Le résultat moyen est 13 sur 20
Statistiques - réponses
Hint Explanation Réponse % Correct
Rivaldo Champion du monde 2002 Footballeur brésilien
92%
Romário Champion du monde 1994 Footballeur brésilien
90%
Edmílson Champion du monde 2002 Footballeur brésilien
85%
Dida Champion du monde 2002 Footballeur brésilien
84%
Mazinho Champion du monde 1994 Footballeur brésilien
76%
Belletti Champion du monde 2002 Footballeur brésilien
72%
Vitória État : Espírito Santo Ville brésilienne
72%
Manaus État : Amazonas Ville brésilienne
67%
Betim État : Minas Gerais Ville brésilienne
66%
Viamao État : Rio Grande do Sul Ville brésilienne
65%
Natal État : Rio Grande do Norte Ville brésilienne
65%
Olinda État : Pernambouc Ville brésilienne
62%
Osasco État : São Paulo Ville brésilienne
59%
Taffarel Champion du monde 1994 Footballeur brésilien
58%
Maringá État : Paraná Ville brésilienne
58%
Maceió État : Alagoas Ville brésilienne
53%
Zózimo Champion du monde 1958 et 1962 Footballeur brésilien
49%
Aldair Champion du monde 1994 Footballeur brésilien
48%
Suzano État : São Paulo Ville brésilienne
48%
Vampeta Champion du monde 2002 Footballeur brésilien
44%
Aucun quiz correspondant
Distribution des résultats
% des personnes avec chaque résultat
Percentile par nombre de réponses
Votre historique - résultats
Vous n’avez pas pris ce quiz